000 00829nas a2200265 4500
001 BR9101006
003 BR-BrBNA
005 20231205091937.0
007 ta
008 230509b bl.|||p| |||| 00| 00por d
040 _aBR-BrBNA
_bpor
_cBiblioteca Nacional de Agricultura
041 _a(Pt)
072 _aF61
100 1 _aEndres, V.C.
100 1 _aMundstock, C.M.
245 1 _aEvolucao da area foliar e duracao do periodo de formacao dos graos de tres hibridos de milho em duas epocas de semeadura
650 _aMILHO
650 _aFOLHA
650 _aTEMPERATURA
650 _aFOTOSSINTESE
650 _aEPOCA DE SEMEADURA
773 0 _tPesquisa Agropecuaria Brasileira (Brazil)
_xISSN 0100-204X
_g(Apr 1989), v. 24(4) p. 455-459
_wBR9101006
909 _a202311
_bLúcia
_c55
_dLúcia Elande
942 _2AGRIS
_n0
_cANA
999 _c128267
_d128267